Правовой режим лесов по законодательству России и зарубежных стран Монография
В книге рассмотрено законодательство об охране и использовании лесов России и ряда иностранных государств таких как Беларусь Боливия Великобритания Венгрия Колумбия Сербия США Украина Франция Чехия Швейцария. Для специалистов в области природоресурсного экологического и лесного права студентов и асп...
Uloženo v:
| Médium: | Монография |
|---|---|
| Vydání: | 1 |
| Edice: | ИЗиСП |
| On-line přístup: | https://znanium.com/catalog/document?id=359087 https://znanium.com/cover/1094/1094518.jpg |
| Tagy: |
Přidat tag
Žádné tagy, Buďte první, kdo otaguje tento záznam!
|
| LEADER | 02688nam0a2200337 i 4500 | ||
|---|---|---|---|
| 001 | RU\infra-m\znanium\bibl\1094518 | ||
| 003 | https://znanium.com/catalog/document?id=359087 | ||
| 005 | 20210815000000.0 | ||
| 010 | |a 978-5-16-011998-4 | ||
| 010 | |a 978-5-16-104632-6 |b электр. издание | ||
| 100 | |a 20210815d2020 m y0rusy0150 ca | ||
| 101 | 0 | |a rus | |
| 102 | |a RU | ||
| 200 | 1 | |a Правовой режим лесов по законодательству России и зарубежных стран |e Монография |f Институт законодательства и сравнительного правоведения при Правительстве Российской Федерации | |
| 205 | |a 1 | ||
| 210 | 1 | |a Москва |c ООО "Научно-издательский центр ИНФРА-М" |d 2020 | |
| 215 | |a 160 с. | ||
| 225 | 1 | |a ИЗиСП | |
| 330 | |a В книге рассмотрено законодательство об охране и использовании лесов России и ряда иностранных государств таких как Беларусь Боливия Великобритания Венгрия Колумбия Сербия США Украина Франция Чехия Швейцария. Для специалистов в области природоресурсного экологического и лесного права студентов и аспирантов юридических и лесных специальностей а также для широкого круга читателей. | ||
| 333 | |a Дополнительное профессиональное образование | ||
| 606 | |a Право. Юридические науки |x Водное, лесное, горное право |2 local | ||
| 608 | |a Монография |2 local | ||
| 675 | |a 349.6(075.4) |z rus | ||
| 686 | |a 67.407 |2 rubbk | ||
| 686 | |a 35.03.01 |2 okso | ||
| 686 | |a 40.03.01 |2 okso | ||
| 686 | |a 40.04.01 |2 okso | ||
| 702 | 1 | |a Шуплецова |b Ю.И. |g Юлия Игоревна |p Институт законодательства и сравнительного правоведения при Правительстве Российской Федерации |r Ответственный редактор | |
| 801 | 0 | |a RU |b Общество с ограниченной ответственностью «ЗНАНИУМ» |c 20200401 |2 rusmarc | |
| 856 | 4 | |a znanium.com |m ebs_support@infra-m.ru |n НИЦ ИНФРА-М |u https://znanium.com/catalog/document?id=359087 | |
| 856 | 4 | 1 | |a znanium.com |d /cover/1094 |f 1094518.jpg |q image/jpeg |u https://znanium.com/cover/1094/1094518.jpg |